000 00516nam a2200205Ia 4500
005 20240702033634.0
008 240331s9999 xx 000 0 und d
020 _a817054078X
082 _a100
_bVER
100 _aVarma, Prativa
245 0 _aSocial philosophy ofthe Mahabharata and the menu Smrti
260 _aNew Delhi
_bClassical Publishing Company
_c1988
300 _a368 p .,
650 _aSocial
650 _aPhilosophy
650 _aReligion
650 _aEthics
650 _aPolitics
942 _cL
999 _c701
_d701